| 000 | 00660nam a2200169 a 4500 | ||
|---|---|---|---|
| 008 | 080916s2008 ||||||||||||||||| || u | ||
| 020 | _a9780821375228 | ||
| 050 | _aIBRD(02) | ||
| 100 | _aMefalopulos, Paolo | ||
| 245 | 1 | 0 | _aDevelopment communication sourcebook: broadening the boundaries of communication |
| 260 |
_aWashington, D.C. _bWorld Bank _c2008 |
||
| 300 | _axx, 244p.: ill | ||
| 350 | _a0.00 | ||
| 650 | 0 | _aCOMMUNICATION IN ECONOMIC DEVELOPMENT | |
| 710 | _aWorld Bank | ||
| 995 |
_D0.00 _FCBU-MAIN LIBRARY (Kitwe) _H1 _I0.00 _M1 _UAVAILABLE _WSep 17, 2008 _ZInternational Publications |
||
| 999 |
_c39966 _d39966 |
||